M-1グランプリ準決勝進出経験コンビ - Statistics

General Stats
  • This quiz has been taken 179 times
    50 since last reset
  • The average score is 121 of 315
Answer Stats
初準決勝進出年 コンビ名 準決勝進出年 決勝進出年 2025年時点の所属事務所 % Correct
2005年 サンドウィッチマン 2005,2006,2007年 2007年 グレープカンパニー
97%
2016年 霜降り明星 2016,2017,2018年 2018年 吉本興業
94%
2018年 魔人無骨 2018,2022,2023,2024年 2023,2024年 吉本興業、フリー
94%
2001年 中川家 2001年 2001年 吉本興業
91%
2016年 錦鯉 2016,2019,2020,2021年 2020,2021年 SMA
91%
2001年 キングコング 2001,2002,2003,2004,2007,2008,2009年 2001,2007,2008年 吉本興業、株式会社CHIMNEY TOWN
88%
2002年 千鳥 2002,2003,2004,2005,2006,2007,2008,2009,2010年 2003,2004,2005,2007年 吉本興業
88%
2002年 笑い飯 2002,2003,2004,2005,2006,2007,2008,2009,2010年 2002,2003,2004,2005,2006,2007,2008,2009,2010年 吉本興業
88%
2003年 とろサーモン 2003,2004,2005,2006,2007,2008,2009,2015,2016年 2017年 吉本興業
88%
2005年 鎌鼬 2005,2006,2007,2008,2009,2015,2016,2017,2018,2019年 2017,2018,2019年 吉本興業
88%
2015年 ダイタク 2015,2019,2020,2021,2023,2024年 2024年 吉本興業
88%
2018年 たくろう 2018,2025年 2025年 吉本興業
88%
2019年 ミルクボーイ 2019年 2019年 吉本興業
88%
2020年 おいでやすこが 2020年 2020年 ユニット(吉本興業)
88%
2021年 真空ジェシカ 2021,2022,2023,2024,2025年 2021,2022,2023,2024,2025年 プロダクション人力舎
88%
2022年 ママタルト 2022,2023,2024,2025年 2024,2025年 サンミュージックプロダクション
88%
2023年 エバース 2023,2024,2025年 2024,2025年 吉本興業
88%
2003年 パンクブーブー 2003,2004,2006,2007,2008,2009,2010年 2009,2010年 吉本興業
85%
2006年 銀シャリ 2006,2008,2009,2010,2015,2016年 2010,2015,2016年 吉本興業
85%
2008年 マヂカルラブリー 2008,2010,2016,2017,2018,2019,2020年 2017,2020年 吉本興業
85%
2009年 トレンディエンジェル 2009,2015年 2015年 吉本興業
85%
2016年 ミキ 2016,2017,2018,2019,2022,2025年 2017,2018年 吉本興業
85%
2018年 ウエストランド 2018,2020,2022年 2020,2022年 タイタン
85%
2018年 トム・ブラウン 2018,2019,2023,2024年 2018,2024年 ケイダッシュステージ
85%
2002年 NON STYLE 2002,2005,2006,2007,2008,2009年 2008,2009年 吉本興業
85%
2001年 チュートリアル 2001,2002,2003,2004,2005,2006年 2001,2005,2006年 吉本興業
82%
2001年 フットボールアワー 2001,2002,2003,2006年 2001,2002,2003,2006年 吉本興業
82%
2001年 ブラックマヨネーズ 2001,2002,2003,2004,2005年 2005年 吉本興業
82%
2006年 ジャルジャル 2006,2007,2008,2009,2010,2015,2016,2017,2018年 2010,2015,2017,2018年 吉本興業
82%
2008年 ハライチ 2008,2009,2010,2015,2016,2017,2021年 2009,2010,2015,2016,2021年 ワタナベエンターテインメント
82%
2019年 ロングコートダディ 2019,2020,2021,2022,2023,2024年 2021,2022年 吉本興業
82%
2024年 ドンデコルテ 2024,2025年 2025年 吉本興業
82%
2021年 ヨネダ2000 2021,2022,2025年 2022,2025年 吉本興業
82%
2003年 タイムマシーン3号 2003,2004,2005,2006,2007,2008,2009,2010,2015年 2005,2015年 太田プロダクション
82%
2001年 アンタッチャブル 2001,2003,2004年 2003,2004年 プロダクション人力舎
79%
2001年 麒麟 2001,2002,2003,2004,2005,2006,2007,2008年 2001,2003,2004,2005,2006年 吉本興業
79%
2001年 ますだおかだ 2001,2002年 2001,2002年 松竹芸能
79%
2007年 オードリー 2007,2008年 2008年 ケイダッシュステージ
79%
2009年 見取り図 2009,2017,2018,2019,2020年 2018,2019,2020年 吉本興業
79%
2009年 和牛 2009,2015,2016,2017,2018,2019年 2015,2016,2017,2018,2019年 解散(吉本興業)
79%
2016年 ニューヨーク 2016,2017,2019,2020,2021年 2019,2020年 吉本興業
79%
2019年 オズワルド 2019,2020,2021,2022,2023,2024年 2019,2020,2021,2022年 吉本興業
79%
2019年 ぺこぱ 2019,2020年 2019年 サンミュージックプロダクション
79%
2022年 ヤーレンズ 2022,2023,2024,2025年 2023,2024,2025年 ケイダッシュステージ
79%
2003年 ダイアン 2002,2003,2004,2005,2006,2007,2008,2009,2015年 2007,2008年 吉本興業
76%
2004年 東京ダイナマイト 2004,2005,2006,2007,2008,2009,2010,2015,2016年 2004,2009年 吉本興業
76%
2016年 カミナリ 2016,2017,2019年 2016,2017年 グレープカンパニー
76%
2017年 東京ホテイソン 2017,2018,2019,2020,2021年 2020年 グレープカンパニー
76%
2017年 ランジャタイ 2017,2020,2021年 2021年 グレープカンパニー
76%
2020年 キュウ 2020,2021,2022年 2022年 タイタン
76%
2004年 ハリセンボン 2004,2007,2008,2009年 2007,2009年 GATE
74%
2004年 マラドーナ 2004,2005,2006,2008,2009,2015,2016,2017,2018年 2015,2016,2017,2018年 吉本興業
74%
2006年 ギャロップ 2006,2007,2008,2009,2018年 2018年 吉本興業
74%
2007年 ナイツ 2007,2008,2009,2010,2015年 2008,2009,2010年 マセキ芸能社
74%
2009年 さらば青春の光 2009,2015,2016,2017,2018年 2016年 ザ・森東
74%
2015年 相席スタート 2015,2016,2017年 2016年 吉本興業
74%
2016年 インディアンス 2016,2018,2019,2020,2021,2024年 2019,2020,2021年 吉本興業
74%
2018年 金属バット 2018,2019,2020,2021,2022年 吉本興業
74%
2019年 ラランド 2019,2020年 レモンジャム
74%
2020年 カベポスター 2020,2021,2022,2023,2024,2025年 2022,2023年 吉本興業
74%
2021年 男性ブランコ 2021,2022,2024年 2022年 吉本興業
74%
2022年 ダイヤモンド 2022年 2022年 解散(吉本興業)
74%
2023年 シシガシラ 2023,2024年 2023年 吉本興業
74%
2003年 南海キャンディーズ 2003,2004,2005,2008,2009,2016,2017年 2004,2005,2009年 吉本興業
71%
2015年 馬鹿よ貴方は 2015,2016年 2015年 フリー
71%
2015年 メイプル超合金 2015,2016年 2015年 サンミュージックプロダクション
71%
2017年 さや香 2017,2021,2022,2023年 2017,2022,2023年 吉本興業
71%
2019年 四千頭身 2019年 ワタナベエンターテインメント
71%
2025年 めぞん 2025年 2025年
71%
2003年 POISON GIRL BAND 2003,2004,2005,2006,2007,2008,2009,2010,2015年 2004,2006,2007年 吉本興業
71%
2001年 アメリカザリガニ 2001,2002,2003年 2001,2002,2003年 松竹芸能
68%
2001年 おぎやはぎ 2001,2002,2003年 2001,2002年 プロダクション人力舎
68%
2001年 タカアンドトシ 2001,2002,2003,2004年 2004年 吉本興業
68%
2005年 変ホ長調 2005,2006年 2006年 アマチュア
68%
2009年 スリムクラブ 2009,2010,2016年 2010,2016年 吉本興業
68%
2018年 マユリカ 2018,2021,2022,2023,2024年 2023,2024年 吉本興業
68%
2023年 バッテリィズ 2023,2024年 2024年 吉本興業
68%
2025年 カナメストーン 2025年
68%
2002年 トータルテンボス 2002,2003,2004,2005,2006,2007年 2004,2006,2007年 吉本興業
65%
2004年 カナリア 2004,2005,2006,2007,2008,2009,2010年 2010年 解散(よしもとクリエイティブ・エージェンシー)
65%
2005年 学天即 2005,2015,2016,2020年 吉本興業
65%
2005年 天竺鼠 2005,2006,2007,2008,2009,2015,2017,2019年 吉本興業
65%
2007年 モンスターエンジン 2007,2008,2009,2010,2015年 2008,2009年 吉本興業
65%
2015年 ニッポンの社長 2015,2018,2020,2023年 吉本興業
65%
2017年 からし蓮根 2017,2018,2019,2020,2021,2022年 2019年 吉本興業
65%
2019年 すゑひろがりず 2019年 2019年 吉本興業
65%
2023年 豪快キャプテン 2023,2024,2025年 2025年 吉本興業
65%
2024年 ひつじねいり 2024,2025年 マセキ芸能社
65%
2003年 ザ・プラン9 2003,2004,2005,2006,2007年 2006年 吉本興業
65%
2016年 Aマッソ 2016,2017年 ワタナベエンターテインメント
65%
2001年 DonDokoDon 2001年 2001年 解散(吉本興業)
65%
2002年 ライセンス 2002,2003,2004,2005,2006年 2006年 吉本興業
62%
2004年 ピース 2004,2007,2008,2010年 2010年 吉本興業
62%
2016年 アキナ 2016,2017,2018,2020年 2016,2020年 吉本興業
62%
2016年 ゆにばーす 2016,2017,2018,2020,2021年 2017,2018,2021年 吉本興業
62%
2018年 ダンビラムーチョ 2018,2022,2023,2024年 2023年 吉本興業
62%
2021年 モグライダー 2021,2023年 2021,2023年 マセキ芸能社
62%
2021年 もも 2021年 2021年 吉本興業
62%
2023年 ダブルヒガシ 2023年 吉本興業
62%
2025年 生姜猫 2025年
62%
2002年 テツandトモ 2002年 2002年 ニチエンプロダクション
62%
2001年 華丸マル・大吉 2001年 吉本興業
59%
2002年 アジアン 2002,2004,2005,2006,2007,2008,2009年 2005年 解散(吉本興業)
59%
2008年 囲碁将棋 2008,2009,2010,2015,2017,2019年 吉本興業
59%
2019年 くらげ 2019,2023年 2023年 吉本興業
59%
2020年 滝音 2020,2021,2024,2025年 吉本興業
59%
2022年 ビスケットブラザーズ 2022年 吉本興業
59%
2025年 黒帯 2025年
59%
2023年 20世紀 2023,2025年 吉本興業
59%
2016年 アルコ&ピース 2016,2021年 太田プロダクション
56%
2020年 コウテイ 2020,2022年 解散(吉本興業)
56%
2023年 ナイチンゲールダンス 2023,2024年 吉本興業
56%
2023年 フースーヤ 2023,2024年 吉本興業
56%
2024年 ジョックロック 2024年 2024年 吉本興業
56%
2025年 ネコニスズ 2025年
56%
2001年 2丁拳銃 2001,2002,2003年 2003年 吉本興業
56%
2001年 ハリガネロック 2001,2002,2003,2005年 2001,2002年 解散(よしもとクリエイティブ・エージェンシー)
53%
2002年 スピードワゴン 2002,2003,2004,2007,2008年 2002,2003年 ホリプロコム
53%
2016年 三四郎 2016,2017,2018年 マセキ芸能社
53%
2022年 ななまがり 2022,2023年 吉本興業
53%
2023年 スタミナパン 2023,2024,2025年 SMA
53%
2023年 ドーナツ・ピーナツ 2023,2025年 吉本興業
53%
2024年 今夜も星が綺麗 2024,2025年 ユニット(プロダクション人力舎、SMA)
53%
2001年 ダイノジ 2001,2002,2003,2004年 2002年 吉本興業
50%
2005年 ザ・パンチ 2005,2006,2007,2008年 2008年 吉本興業
50%
2015年 アインシュタイン 2015,2016,2017,2019,2021年 吉本興業
50%
2024年 十九人 2024年 ASH&Dコーポレーション
50%
2024年 豆鉄砲 2024,2025年 ワタナベエンターテインメント
50%
2003年 U字工事 2003,2004,2005,2006,2007,2008,2009年 2008年 デューズ
50%
2001年 りあるキッズ 2001,2002,2003,2004,2005,2006年 2003年 解散(よしもとクリエイティブ・エージェンシー)
47%
2002年 インパルス 2002,2003年 吉本興業
47%
2008年 ぷくぷく隊 2008年 フールズ
47%
2024年 家族チャーハン 2024年 吉本興業
47%
2024年 カラタチ 2024年 吉本興業
47%
2024年 金魚番長 2024年 吉本興業
47%
2025年 イチゴ 2025年
47%
2002年 品川庄司 2002,2004,2005年 2005年 吉本興業
44%
2004年 ザブングル 2004,2005,2006,2007年 2007年 解散(ワタナベエンターテインメント)
44%
2010年 ウーマンラッシュアワー 2010年 吉本興業
44%
2022年 ハイツ友の会 2022年 解散(吉本興業)
44%
2023年 きしたかの 2023年 マセキ芸能社
44%
2025年 おおぞらモード 2025年
44%
2025年 ゼロカラン 2025年
44%
2025年 大王 2025年
44%
2006年 超新塾 2006,2007年 ワタナベエンターテインメント
41%
2006年 平成ノブシコブシ 2006,2007年 吉本興業
41%
2016年 大自然 2016,2017年 吉本興業
41%
2022年 かもめんたる 2022年 サンミュージックプロダクション
41%
2024年 例えば炎 2024,2025年 吉本興業
41%
2025年 センチネル 2025年
41%
2025年 ミカボ 2025年
41%
2025年 TCクラクション 2025年
41%
2005年 我が家 2005,2006,2007,2008,2009,2010年 ワタナベエンターテインメント
38%
2015年 セルライトスパ 2015,2017,2019年 吉本興業
38%
2022年 ケビンス 2022年 吉本興業
38%
2023年 鬼としみちゃむ 2023年 吉本興業
38%
2025年 フランツ 2025年
38%
2001年 $10 2001,2002,2003,2004年 吉本興業
38%
2001年 ロザン 2001,2002,2003,2004,2005,2006年 吉本興業
35%
2002年 三拍子 2002,2005,2006,2007,2009年 サンミュージックプロダクション
35%
2003年 磁石 2003,2004,2005,2006,2007,2008,2009,2010年 ホリプロコム
35%
2004年 オリエンタルラジオ 2004,2005,2007,2008,2009年 フリー
35%
2018年 侍スライス 2018年 吉本興業
35%
2020年 祇園 2020年 吉本興業
35%
2022年 カゲヤマ 2022年 吉本興業
35%
2022年 シンクロニシティ 2022年 吉本興業
35%
2022年 ストレッチーズ 2022年 太田プロダクション
35%
2023年 華山 2023年 吉本興業
35%
2022年 THIS IS パン 2022年 吉本興業
35%
2006年 ハマカーン 2006,2008,2009年 ケイダッシュステージ
32%
2006年 プラスマイナス 2006,2007,2008,2009,2018年 解散(吉本興業)
32%
2007年 マシンガンズ 2007,2008年 太田プロダクション
32%
2021年 ヘンダーソン 2021,2023年 吉本興業
32%
2003年 流れ星 2003,2005,2006,2007,2008,2009年 浅井企画
29%
2005年 にのうらご 2005,2006年 解散(吉本興業)
29%
2006年 藤崎マーケット 2006,2007,2008,2009年 吉本興業
29%
2008年 ソーセージ 2008,2009年 解散(よしもとクリエイティブ・エージェンシー)
29%
2002年 キングオブコメディ 2002,2003年 解散(プロダクション人力舎)
26%
2004年 スマイル 2004,2006,2007,2008,2009年 吉本興業
26%
2009年 ジャングルポケット 2009年 吉本興業
26%
2010年 笑撃戦隊 2010,2015,2017年 解散(ワタナベエンターテインメント)
26%
2020年 タイムキーパー 2020年 吉本興業
26%
2023年 ぎょうぶ 2023年 吉本興業
26%
2001年 シャンプーハット 2001,2002,2003,2004年 吉本興業
24%
2003年 安田大サーカス 2003,2004,2005年 松竹芸能
24%
2007年 アームストロング 2007,2009年 解散(よしもとクリエイティブ・エージェンシー)
24%
2017年 アイロンヘッド 2017年 吉本興業
24%
2002年 ジパング上陸作戦 2002,2003,2004,2005,2006,2007,2008,2009年 吉本興業
21%
2003年 オジンオズボーン 2003,2005年 解散(松竹芸能)
21%
2003年 なすなかにし 2003,2004,2005,2006,2007年 松竹芸能
21%
2005年 チーモンチョーチュウ 2005,2006,2007,2008,2009,2010,2015年 吉本興業
21%
2005年 レイザーラモン 2005年 吉本興業
21%
2006年 髭男爵 2006,2007,2008年 サンミュージックプロダクション
21%
2007年 まえだまえだ 2007年 解散(松竹芸能)
21%
2008年 2008年 ビクターミュージックアーツ
21%
2015年 尼神インター 2015年 解散(吉本興業)
21%
2001年 青空 2001,2004,2005年 解散(吉本興業)
18%
2005年 バルチック艦隊 2005年 解散(よしもとクリエイティブ・エージェンシー)
18%
2007年 座長座長 2007年 ユニット(吉本興業)
18%
2008年 エルシャラカーニ 2008年 サンミュージックプロダクション
18%
2009年 鬼ヶ島 2009年 プロダクション人力舎
18%
2009年 プリマ旦那 2009,2010年 解散(吉本興業)
18%
2007年 GAG少年楽団 2007年 吉本興業
18%
2001年 サバンナ 2001,2003,2004年 吉本興業
15%
2002年 天津 2002,2003,2004,2005,2006,2007,2008年 吉本興業
15%
2002年 ヘッドライト 2002,2003,2005,2006,2007,2008年 吉本興業
15%
2008年 風藤松原 2008,2009年 太田プロダクション
15%
2008年 ものいい 2008年 吉本興業
15%
2009年 井下好井 2009年 解散(吉本興業)
15%
2001年 ニブンノゴ! 2001年 解散(吉本興業)
12%
2001年 ビッキーズ 2001,2002,2003,2004,2005,2006年 解散(よしもとクリエイティブ・エージェンシー)
12%
2001年 ランディーズ 2001,2002,2003,2004,2005年 解散(よしもとクリエイティブ・エージェンシー)
12%
2001年 レギュラー 2001,2002,2003,2004,2005年 吉本興業
12%
2005年 ザ・たっち 2005年 ホリプロコム
12%
2007年 勝山梶 2007年 解散(よしもとクリエイティブ・エージェンシー)
12%
2007年 ザ☆健康ボーイズ 2007年 ユニット(吉本興業、フリー)
12%
2007年 志ん茶 2007,2009年 解散(龍谷大学落語研究会)
12%
2007年 ハイキングウォーキング 2007,2008,2009年 吉本興業
12%
2007年 ラフ・コントロール 2007,2008,2009年 吉本興業
12%
2009年 コマンダンテ 2009年 解散(吉本興業)
12%
2002年 Bコース 2002年 解散(よしもとクリエイティブ・エージェンシー)
12%
2001年 COWCOW 2001,2002,2003年 吉本興業
12%
2008年 Wエンジン 2008,2009年 ワタナベエンターテインメント
12%
2002年 サカイスト 2002,2003年 吉本興業
9%
2003年 オオカミ少年 2003,2004年 吉本興業
9%
2003年 プー&ムー 2003,2004年 吉本興業
9%
2004年 イシバシハザマ 2004,2005,2008年 吉本興業
9%
2006年 えんにち 2006,2007年 解散(よしもとクリエイティブ・エージェンシー)
9%
2007年 ヒカリゴケ 2007年 解散(松竹芸能)
9%
2009年 いけばな教室 2009年 解散(アマチュア)
9%
2001年 ルート33 2001,2002,2003,2004年 吉本興業
9%
2001年 アップダウン 2001,2002,2003,2005年 フリー
6%
2001年 号泣 2001,2003,2005年 ホリプロコム
6%
2001年 飛石連休 2001,2002,2003,2004,2005年 サンミュージックプロダクション
6%
2002年 キャン×キャン 2002,2003,2004,2005,2006,2007年 ライジングプロダクション
6%
2004年 バッドボーイズ 2004,2006年 吉本興業
6%
2005年 鼻エンジン 2005年 解散(SMA)
6%
2006年 ストレートタイム 2006年 解散(アマチュア)
6%
2006年 ボルトボルズ 2006年 松竹芸能
6%
2007年 ソラシド 2007,2008,2009年 吉本興業
6%
2008年 クロンモロン 2008年 浅井企画
6%
2008年 ダブルネーム 2008,2009年 トップ・カラー
6%
2008年 パプア。 2008年 解散(よしもとクリエイティブ・エージェンシー)
6%
2008年 ミサイルマン 2008,2009年 吉本興業
6%
2009年 ガスマスクガール 2009年 解散(よしもとクリエイティブ・エージェンシー)
6%
2009年 なりきんショージ 2009年 ユニット(吉本興業)
6%
2010年 アーリアン 2010年 解散(よしもとクリエイティブ・エージェンシー)
6%
2006年 BODY 2006,2007年 ユニット(吉本興業)
6%
2007年 span! 2007年 吉本興業
6%
2001年 石田・花子 2001年 ユニット(吉本興業)
3%
2001年 ペナルティ 2001年 吉本興業
3%
2002年 シュガーライフ 2002年 解散(吉本興業)
3%
2002年 線香花火 2002年 解散(吉本興業)
3%
2002年 ツインズ 2002,2004年 解散(フリー)
3%
2003年 イー☆リャン 2003,2004年 解散(オフィス北野)
3%
2003年 シンパシー 2003年 解散(吉本興業)
3%
2003年 チョップリン 2003年 吉本興業
3%
2003年 デカメロン 2003年 解散(株式会社ソーレアリア)
3%
2003年 どりあんず 2003年 吉本興業
3%
2003年 ミルククラウン 2003年 解散(よしもとクリエイティブ・エージェンシー)
3%
2003年 村本本田 2003年 解散(アマチュア)
3%
2004年 大脇里村ゼミナール 2004,2007年 解散(よしもとクリエイティブ・エージェンシー)
3%
2004年 さくらんぼブービー 2004年 サンミュージックプロダクション、フリー
3%
2004年 ジャリズム 2004,2005,2006年 解散(よしもとクリエイティブ・エージェンシー)
3%
2004年 はだか電球 2004,2007年 解散(よしもとクリエイティブ・エージェンシー)
3%
2004年 レアレア 2004,2006年 吉本興業、株式会社レアレア
3%
2004年 レム色 2004,2005年 解散(げんしじん事務所)
3%
2005年 2005年 解散(ライトハウス)
3%
2005年 コア 2005年 解散(ワタナベエンターテインメント)
3%
2005年 さんだあず 2005年 解散(朝日放送、フリー)
3%
2007年 ハム 2007年 解散(よしもとクリエイティブ・エージェンシー)
3%
2007年 ブレーメン 2007,2008年 解散(よしもとクリエイティブ・エージェンシー)
3%
2008年 スペースゴリラ 2008年 解散(よしもとクリエイティブ・エージェンシー)
3%
2008年 ゆったり感 2008,2009,2010年 解散(吉本興業)
3%
2009年 上々軍団 2009年 アップフロントクリエイト
3%
2009年 メメ 2009年 解散(よしもとクリエイティブ・エージェンシー)
3%
2009年 ロシアンモンキー 2009年 解散(よしもとクリエイティブ・エージェンシー)
3%
2002年 18KIN 2002,2003,2004年 解散(ワタナベエンターテインメント)
3%
2005年 5番6番 2005,2006年 解散(タイタン)
3%
2004年 スーパーZ 2004,2005年 解散(SMA)
3%
2001年 イザベルとベネ 2001年 解散(サラブレッドプロモーション)
0%
2001年 カリカ 2001,2002,2004,2006年 吉本興業
0%
2002年 おはよう。 2002年 解散(吉本興業)
0%
2002年 花鳥風月 2002年 解散(吉本興業)
0%
2002年 少年ギャング 2002年 解散(よしもとクリエイティブ・エージェンシー)
0%
2002年 ストリーク 2002,2003,2004,2005年 解散(よしもとクリエイティブ・エージェンシー)
0%
2002年 せんたくばさみ 2002,2003年 解散(松竹芸能)
0%
2002年 チャイルドマシーン 2002,2003年 解散(吉本興業)
0%
2002年 ババリア 2002年 解散(吉本興業)
0%
2002年 ブラザース 2002年 解散(よしもとクリエイティブ・エージェンシー)
0%
2002年 ママレンジ 2002年 解散(吉本興業)
0%
2003年 うがじん 2003年 解散(吉本興業)
0%
2003年 おしどり 2003年 フリー
0%
2003年 クワバタオハラ 2003,2004年 ホリプロコム
0%
2003年 トライアングル 2003年 松竹芸能
0%
2003年 ユキコミキ 2003年 解散(吉本興業)
0%
2003年 四次元ナイフ 2003年 解散(よしもとクリエイティブ・エージェンシー)
0%
2003年 レイカーズ 2003年 解散(吉本興業)
0%
2004年 エージェント 2004年 解散(吉本興業)
0%
2005年 ガブ&ぴーち 2005年 解散(よしもとクリエイティブ・エージェンシー)
0%
2005年 ゼミナールキッチン 2005,2007年 解散(SMA)
0%
2005年 ベリー・ベリー 2005,2008年 解散(よしもとクリエイティブ・エージェンシー)
0%
2006年 カルパチーノ 2006年 解散(K-PRO)
0%
2006年 デニッシュ 2006年 解散(ワタナベエンターテインメント)
0%
2006年 難波横山 2006年 解散(よしもとクリエイティブ・エージェンシー)
0%
2006年 日刊ナンセンス 2006年 解散(吉本興業)
0%
2006年 ポテト少年団 2006,2009年 解散(よしもとクリエイティブ・エージェンシー)
0%
2006年 ルサンチマン 2006年 解散(オフィス北野)
0%
2007年 高校デビュー 2007年 解散(よしもとクリエイティブ・エージェンシー)
0%
2008年 ケツカッチン 2008年 吉本興業
0%
2008年 ノンスモーキン 2008年 解散(よしもとクリエイティブ・エージェンシー)
0%
2009年 朝倉小松崎 2009年 解散(サンミュージックプロダクション)
0%
2009年 天狗 2009年 吉本興業
0%
2009年 レモンティー 2009年 吉本興業
0%
2002年 Over Drive 2002,2004年 解散(松竹芸能)
0%
No matching quizzes found
Score Distribution
Percent of People with Each Score
Percentile by Number Answered
Your Score History
You have not taken this quiz since the last reset